Statistics for Jurassic World Dinosaurs

Click here to take the quiz!

General Stats

  • This quiz has been taken 37 times
  • The average score is 12 of 15

Answer Stats

HintAnswer% Correct
Chilling in the background. Has three horns.Triceratops
100%
Paddock 9Tyrannosaurus rex
100%
Blue, Charlie, Delta and Echo.Velociraptor
96%
Chilling in the background. Long neck.Brachiosaurus
87%
Verizon Wireless presents...Indominus rex
87%
Chilling in the background. Has tail spikes.Stegosaurus
87%
Whole herd got killed for sportApatosaurus
83%
Flying, no teeth.Pteranodon
83%
Flying, sharp teeth.Dimorphodon
78%
Running in a herdGallimimus
74%
Poor Zara... she was gonna get married.Mosasaurus
74%
One, two, three, four. Four dinosaurs.Ankylosaurus
70%
Seen only as a hologram.Dilophosaurus
70%
Chilling in the background. Has a crest.Parasaurolophus
70%
Tranquilized and recaptured after escaping. Has a thick skull.Pachycephalosaurus
57%

Score Distribution

Percentile by Number Answered

Percent of People with Each Score

Your Score History

You have not taken this quiz